Jugadores del Deportivo de La Coruña que han debutado con España - Estadísticas

Estadísticas generales
  • Esta prueba ha sido intentada 65 veces
  • La puntuación promedio es 10 de 26
Estadísticas de respuestas
Debut Jugador % Correcto
2001 Valerón
96%
1993 Fran
86%
2001 Diego Tristán
82%
2000 Manuel Pablo
76%
2002 Luque
61%
2001 Sergio
55%
1994 Donato
51%
1955 Pahiño
51%
2000 Víctor Sánchez
47%
2000 Romero
45%
2002 Capdevila
41%
1941 Acuña
37%
2007 Arizmendi
37%
1993 Voro
37%
1993 Aldana
33%
1995 Manjarín
33%
1992 Nando
31%
1992 Claudio
29%
1996 Armando
22%
1999 César
22%
1994 Julio Salinas
18%
1933 Chacho
10%
1972 Manolete
8%
1924 Otero
8%
1962 Veloso
6%
1945 Pedrito
4%
No se encontraron pruebas coincidentes
Distribución de puntuación
Porcentaje de gente con cada puntuación
Porcentaje por número respondido
Historial de tus puntuaciones
No has intentado esta prueba.